[Event "US Open-111"]
[Site "Irvine"]
[Date "2010.08.03"]
[Round "4"]
[White "Brownscombe, Thomas"]
[Black "Cunningham, Robin J"]
[Result "1/2-1/2"]
[WhiteElo "2182"]
[BlackElo "2304"]
[PlyCount "50"]
[EventDate "2010.07.31"]
[EventType "swiss"]
[EventRounds "9"]
[EventCountry "USA"]
[SourceTitle "CBM 137 Extra"]
[Source "ChessBase"]
[SourceDate "2010.09.01"]
[SourceVersion "1"]
[SourceVersionDate "2010.09.01"]
[SourceQuality "1"]

1. e4 Nf6 2. e5 Nd5 3. d4 d6 4. c4 Nb6 5. f4 dxe5 6. fxe5 Nc6 7. Be3 Bf5 8. Nc3 e6 9. Be2 Be7 10. Nf3 0-0 11. 0-0 f6 12. exf6 Bxf6 13. h3 h6 14. Qd2 Qe7 15. c5 Nd5 16. Ne5 Nxe5 17. Nxd5 exd5 18. Rxf5 Nc4 19. Bxc4 dxc4 20. Qc3 Qe6 21. Rf3 b5 22. b3 Rfe8 23. Bf2 cxb3 24. axb3 a6 25. Re3 Qc6 1/2-1/2

[Event "North American op 18th"]
[Site "Las Vegas"]
[Date "2008.12.29"]
[Round "6"]
[White "Parry, Matthew"]
[Black "Brownscombe, Thomas"]
[Result "1-0"]
[WhiteElo "2261"]
[BlackElo "2196"]
[PlyCount "51"]
[EventDate "2008.12.26"]
[EventType "swiss"]
[EventRounds "7"]
[EventCountry "USA"]
[SourceTitle "CBM 127 Extra"]
[Source "ChessBase"]
[SourceDate "2009.01.08"]
[SourceVersion "2"]
[SourceVersionDate "2009.01.28"]
[SourceQuality "1"]

1. e4 c5 2. Nf3 e6 3. b3 Nc6 4. Bb2 Nf6 5. e5 Nd5 6. c4 Nf4 7. g3 Ng6 8. h4 Qc7 9. Qe2 h5 10. Bg2 Nge7 11. Bh3 b6 12. Nc3 Ng6 13. 0-0-0 Bb7 14. Nb5 Qb8 15. Rhe1 a6 16. Nd6+ Bxd6 17. exd6 Qxd6 18. Bxg7 Rg8 19. Bf6 Nb4 20. d4 cxd4 21. Nxd4 Qc7 22. Bxe6 fxe6 23. Nxe6 dxe6 24. Qxe6+ Kf8 25. Rd7 Nd3+ 26. Rxd3 1-0

[Event "Tulsa Okie Challengers"]
[Site "Tulsa"]
[Date "2008.09.01"]
[Round "7"]
[White "Brownscombe, Thomas"]
[Black "Coleman, Maxx W"]
[Result "1-0"]
[WhiteElo "2192"]
[BlackElo "2212"]
[PlyCount "107"]
[EventDate "2008.08.30"]
[EventType "tourn"]
[EventRounds "7"]
[EventCountry "USA"]
[SourceTitle "CBM 126 Extra"]
[Source "ChessBase"]
[SourceDate "2008.11.05"]
[SourceVersion "1"]
[SourceVersionDate "2008.11.05"]
[SourceQuality "1"]

1. e4 c5 2. Nf3 e6 3. d4 cxd4 4. Nxd4 a6 5. Nc3 Qc7 6. a3 Nf6 7. Be3 b5 8. Bd3 Bb7 9. 0-0 Nc6 10. Kh1 Bd6 11. Nxc6 dxc6 12. f4 e5 13. f5 Be7 14. Qf3 c5 15. Nd5 Bxd5 16. exd5 Rd8 17. c4 0-0 18. cxb5 axb5 19. Bxb5 Nxd5 20. Bf2 Qb8 21. Bc4 Nf6 22. Qe2 e4 23. Bg3 Bd6 24. Bxd6 Rxd6 25. Rad1 Rd4 26. b3 Rfd8 27. a4 Qd6 28. Ra1 Rd2 29. Qe3 Qxh2+ 30. Kxh2 Ng4+ 31. Kh3 Nxe3 32. Rf4 Nxc4 33. bxc4 R2d4 34. Rc1 Ra8 35. Re1 Re8 36. Rc1 e3 37. Kg3 Rd3 38. Re1 Ra3 39. Kf3 e2+ 40. Kf2 Ra2 41. a5 f6 42. a6 Kf7 43. a7 Rxa7 44. Rxe2 Rxe2+ 45. Kxe2 Ra2+ 46. Kf3 Rc2 47. g4 Rd2 48. Re4 Rd4 49. Rxd4 cxd4 50. Ke4 Ke7 51. Kxd4 Kd6 52. c5+ Kc6 53. Kc4 g6 54. g5 1-0

[Event "Tulsa Okie Challengers"]
[Site "Tulsa"]
[Date "2008.08.31"]
[Round "3"]
[White "Brownscombe, Thomas"]
[Black "Orton, William R"]
[Result "1/2-1/2"]
[WhiteElo "2192"]
[BlackElo "2166"]
[PlyCount "110"]
[EventDate "2008.08.30"]
[EventType "tourn"]
[EventRounds "7"]
[EventCountry "USA"]
[SourceTitle "CBM 126 Extra"]
[Source "ChessBase"]
[SourceDate "2008.11.05"]
[SourceVersion "1"]
[SourceVersionDate "2008.11.05"]
[SourceQuality "1"]

1. e4 c5 2. Nf3 Nc6 3. d4 cxd4 4. Nxd4 e5 5. Nb5 d6 6. N1c3 a6 7. Na3 b5 8. Nd5 Nge7 9. c4 Nd4 10. Be3 Nxd5 11. cxd5 Be7 12. Bd3 Qa5+ 13. Bd2 Qb6 14. 0-0 0-0 15. Be3 f5 16. exf5 Qb7 17. Bxd4 exd4 18. Qh5 Bf6 19. Rfe1 Ra7 20. Be4 Qf7 21. Qxf7+ Rfxf7 22. Rac1 Rac7 23. Rc6 Rfe7 24. Kf1 d3 25. Rxc7 Rxc7 26. b3 Bb7 27. Rd1 Bb2 28. Nb1 Rc1 29. Ke1 Kf7 30. Kd2 Rxd1+ 31. Kxd1 Bd4 32. Kd2 Bxf2 33. Kxd3 Kf6 34. Nd2 Bc8 35. g4 h5 36. h3 hxg4 37. hxg4 Kg5 38. Ke2 Bc5 39. Kf3 g6 40. fxg6 Bxg4+ 41. Kg3 Bh5 42. g7 Bf7 43. Bh7 Bxd5 44. g8Q+ Bxg8 45. Bxg8 Kf5 46. Bh7+ Ke5 47. Nf3+ Kd5 48. Kf4 Bf2 49. Be4+ Kc5 50. Bb7 a5 51. Nd2 Kb4 52. Ne4 Bc5 53. Bc6 a4 54. Nxc5 dxc5 55. bxa4 bxa4 1/2-1/2

[Event "Tulsa Okie Challengers"]
[Site "Tulsa"]
[Date "2008.08.31"]
[Round "4"]
[White "Niggel, Christopher"]
[Black "Brownscombe, Thomas"]
[Result "1/2-1/2"]
[WhiteElo "2129"]
[BlackElo "2192"]
[PlyCount "95"]
[EventDate "2008.08.30"]
[EventType "tourn"]
[EventRounds "7"]
[EventCountry "USA"]
[SourceTitle "CBM 126 Extra"]
[Source "ChessBase"]
[SourceDate "2008.11.05"]
[SourceVersion "1"]
[SourceVersionDate "2008.11.05"]
[SourceQuality "1"]

1. e4 c5 2. Nf3 e6 3. d3 Nc6 4. g3 d5 5. Nbd2 Nf6 6. Bg2 g6 7. 0-0 Bg7 8. c3 d4 9. Qe2 0-0 10. h4 e5 11. Nh2 Bd7 12. a4 Rc8 13. Nc4 Be6 14. Na3 Qd7 15. c4 a6 16. Bd2 Ne8 17. h5 f5 18. hxg6 hxg6 19. exf5 Rxf5 20. Be4 Nd6 21. g4 Rf6 22. Bg5 Nxe4 23. Qxe4 Rcf8 24. f3 Rf4 25. Qe2 R4f7 26. Nb1 Bf6 27. Bxf6 Rxf6 28. Nd2 R6f7 29. Ne4 Qe7 30. Qd2 Rf4 31. Rae1 Kg7 32. Re2 Rh8 33. Qe1 b6 34. Qg3 g5 35. Nf2 Kg6 36. Rfe1 Qg7 37. Nh3 Rff8 38. Kg2 Bd7 39. Rxe5 Nxe5 40. Rxe5 Rxh3 41. Kxh3 Bxa4 42. Qe1 Bc6 43. Re6+ Rf6 44. Rxc6 Qh6+ 45. Kg2 Rxc6 46. Qe8+ Kg7 47. Qd7+ Kh8 48. Qe8+ 1/2-1/2

[Event "Tulsa Okie Challengers"]
[Site "Tulsa"]
[Date "2008.08.30"]
[Round "2"]
[White "Bantic, Mihail"]
[Black "Brownscombe, Thomas"]
[Result "1/2-1/2"]
[WhiteElo "2192"]
[BlackElo "2192"]
[PlyCount "60"]
[EventDate "2008.08.30"]
[EventType "tourn"]
[EventRounds "7"]
[EventCountry "USA"]
[SourceTitle "CBM 126 Extra"]
[Source "ChessBase"]
[SourceDate "2008.11.05"]
[SourceVersion "1"]
[SourceVersionDate "2008.11.05"]
[SourceQuality "1"]

1. c4 g6 2. Nf3 Bg7 3. d4 d6 4. g3 Nd7 5. Bg2 e5 6. Nc3 exd4 7. Nxd4 Ngf6 8. 0-0 0-0 9. e4 Re8 10. Re1 Nc5 11. b4 Ncd7 12. Bf4 a5 13. bxa5 Rxa5 14. Nb3 Ra6 15. Qc2 Nh5 16. Be3 Ne5 17. c5 Bg4 18. Nd2 dxc5 19. f3 Be6 20. Rad1 Nd3 21. Nb3 Rd6 22. Rf1 Nb4 23. Qc1 Nxa2 24. Nxa2 Bxb3 25. Rxd6 Qxd6 26. Nc3 Qd3 27. Nd1 c4 28. Nf2 Qc3 29. f4 Qxc1 30. Bxc1 Bd4 1/2-1/2

[Event "North American op 26th"]
[Site "Stillwater"]
[Date "2007.09.02"]
[Round "7"]
[White "Brownscombe, Thomas"]
[Black "Coleman, Maxx W"]
[Result "1-0"]
[WhiteElo "2199"]
[BlackElo "2201"]
[PlyCount "39"]
[EventDate "2007.08.31"]
[EventType "swiss"]
[EventRounds "10"]
[EventCountry "USA"]
[SourceTitle "CBM 120 Extra"]
[Source "ChessBase"]
[SourceDate "2007.11.01"]
[SourceVersion "1"]
[SourceVersionDate "2007.11.01"]
[SourceQuality "1"]

1. e4 c5 2. Nf3 e6 3. d4 cxd4 4. Nxd4 a6 5. Nc3 Qc7 6. Be3 Nf6 7. a3 b5 8. Bd3 Bb7 9. 0-0 d6 10. f4 Nbd7 11. Qf3 Rc8 12. Rae1 Be7 13. Kh1 0-0 14. Qg3 Nc5 15. Bc1 Nfd7 16. Nf3 Nb6 17. f5 Kh8 18. Bf4 e5 19. Nxe5 Bh4 20. Nxf7+ 1-0

[Event "World op 30th"]
[Site "Philadelphia"]
[Date "2002.06.29"]
[Round "1"]
[White "Miton, Kamil"]
[Black "Brownscombe, Thomas"]
[Result "1-0"]
[WhiteElo "2516"]
[BlackElo "2261"]
[PlyCount "109"]
[EventDate "2002.06.29"]
[EventType "swiss"]
[EventRounds "9"]
[EventCountry "USA"]
[SourceTitle "CBM 089 Extra"]
[Source "ChessBase"]
[SourceDate "2002.09.10"]
[SourceVersion "2"]
[SourceVersionDate "2002.09.10"]
[SourceQuality "1"]

1. d4 Nf6 2. c4 e6 3. g3 d5 4. Bg2 Be7 5. Nf3 0-0 6. 0-0 b6 7. Nc3 Bb7 8. Ne5 Nbd7 9. Qa4 Nxe5 10. dxe5 Ne4 11. Nxe4 dxe4 12. Rd1 Qe8 13. Qc2 Qc6 14. Rd4 Qc5 15. Rd7 Rfd8 16. Be3 Qxe5 17. Bf4 Qf6 18. Rxc7 e5 19. Be3 Bc6 20. Rxc6 Qxc6 21. Bxe4 Qc8 22. Bxa8 Qxa8 23. Rd1 g6 24. Rxd8+ Qxd8 25. Qa4 a5 26. Kg2 Bc5 27. Bh6 Bf8 28. Bxf8 Kxf8 29. Qa3+ Kg7 30. Qd3 Qc7 31. Qd5 h5 32. h4 f6 33. b3 g5 34. hxg5 fxg5 35. Qf3 Kg6 36. Qe4+ Kh6 37. Qd5 h4 38. Qe6+ Kh7 39. Qf5+ Kh6 40. Qf6+ Kh7 41. Qxg5 hxg3 42. Qxg3 Qc6+ 43. f3 Qd6 44. Qh4+ Kg7 45. Qg5+ Kf8 46. Qf5+ Ke7 47. Qe4 Qf6 48. f4 Qg7+ 49. Kf2 Qh6 50. Qxe5+ Kd7 51. f5 Qh4+ 52. Ke3 Qg5+ 53. Kd3 Qc1 54. f6 Qb1+ 55. Ke3 1-0

[Event "San Mateo"]
[Site "San Mateo"]
[Date "1994.??.??"]
[Round "4"]
[White "Brownscombe, Thomas"]
[Black "Shaked, Tal"]
[Result "0-1"]
[WhiteElo "2310"]
[BlackElo "2370"]
[PlyCount "60"]
[EventDate "1994.??.??"]
[EventType "tourn"]
[EventRounds "9"]
[EventCountry "PUR"]
[EventCategory "5"]
[SourceTitle "EXT 1997"]
[Source "ChessBase"]
[SourceDate "1996.11.15"]
[SourceVersion "1"]
[SourceVersionDate "1996.11.15"]
[SourceQuality "1"]

1. e4 c5 2. Nf3 Nc6 3. d4 cxd4 4. Nxd4 Nf6 5. Nc3 e5 6. Ndb5 d6 7. Bg5 a6 8. Bxf6 gxf6 9. Na3 f5 10. Bd3 Rg8 11. g3 Nd4 12. Nd5 f4 13. Be2 Be6 14. c3 Bxd5 15. exd5 Nxe2 16. Qxe2 Bh6 17. Qe4 Rg6 18. Nc4 Kf8 19. a4 Kg7 20. a5 Qg5 21. Kd1 f5 22. Qd3 e4 23. Qd4+ Kg8 24. Kc2 Rc8 25. Kb3 Bg7 26. Qa7 Qe7 27. Ra4 Rc5 28. Rb4 Rxd5 29. Rxb7 Rb5+ 30. Rxb5 Qxa7 0-1